000 00442nam a2200169Ia 4500
003 GCL
008 140319s9999 xx 000 0 eng d
040 _aGCL /
_cGCL
082 0 4 _a840
_bB L
100 1 _aBOSSUAT, ROBERT
245 1 0 _aLA LITERATURE MORALE AU MOY EN AGE /
_cBOSSUAT, ROBERT
260 _a[S.N] :
_bLIBRAIRIE LAROUSSE ،
_c1935
300 _a118 P
650 0 4 _aLITERATURE
650 0 4 _aFRENCH LITERATURE
942 _2ddc
_cBK
999 _c11212
_d11212